| 000 | 00668nam a2200169Ia 4500 | ||
|---|---|---|---|
| 003 | GCL | ||
| 008 | 140319s9999 xx 000 0 ara d | ||
| 040 |
_aGCL / _cGCL |
||
| 082 | 0 | 4 |
_a943.9 _bس س |
| 100 | 1 | _aسفارة جمهورية المجر الشعبية | |
| 245 | 1 | 0 |
_aالسياسة الخارجية لجمهورية المجر الشعبية : بيانات رسمية وملحق خاص بالشرق الاوسط / _cسفارة جمهورية المجر الشعبية |
| 300 | _a78 ص | ||
| 490 |
_aالهيئة العامة للاستعلامات _v0 |
||
| 650 | 0 | 4 | _aالمجر - الاحزاب السياسية |
| 650 | 0 | 4 | _aالمجر |
| 942 |
_2ddc _cBK |
||
| 999 |
_c47177 _d47177 |
||